01754nam a22002897a 450000500170000000800410001702000150005804000070007304100080008008200200008810000330010824500890014126000330023030000260026336500550028952007090034465000320105365000290108565000350111465000230114965000340117265000320120670000340123894200120127299900190128495201610130320230304091959.0230304b ||||| |||| 00| 0 eng d a8188360015 cAL aeng 223a202.3bPANG aKuruvilla Pandikattu 974075 aGratefully and gracefully:bScientific and religious reflections on death and beyond aPunebCreati Ventures c2013 ax,286p.bHBc22x14cm. 2Historya02302b450.00c₹d450.00e0f01-12-2022 aWhat is death? What is it a necessary part of life? What can we expect from death? What can we really hope for? Drawing from recent scientific theories (cryonics, transhumanism, etc.) and religious wisdom (Hinduism, Buddhism and Christianity), this book invites us to look into this paradox of human life and stay attentive to the process of living. The twelve chapters of this book invite us to focus on death, so that we can relish life. Without ignoring the agony of death, we look at it tenderly and directly, not to dwell on death but in fact to focus on the process of living. This book affirms that if we live gratefully and authentically we can surrender ourselves to life and beyond gracefully.  aPhysical Immortality974076 aCosmic Extinction974077 aDeath-Religious Aspects974078 aFuture Life974079 aPhilosophy and Science974080 aReligion and Science974081 aPANDIKATTU (Kuruvilla)974082 2ddccBK c226884d226884 00102ddc40708HISaALbALd2023-03-02ePapal Seminary Pune Maharashtra 411014g450.00l0o202.3 PANGp076453r2023-03-04 00:00:00v450.00w2023-03-04yBK